Islamic Nizam-e Zindagi (Record no. 595089)
[ view plain ]
| 000 -LEADER | |
|---|---|
| fixed length control field | 00482nam a22001577a 4500 |
| 020 ## - INTERNATIONAL STANDARD BOOK NUMBER | |
| International Standard Book Number | 9789697705030 |
| 082 ## - DEWEY DECIMAL CLASSIFICATION NUMBER | |
| Classification number | 297.5 |
| Author Mark | ISL |
| 100 ## - MAIN ENTRY--PERSONAL NAME | |
| Personal name | Shazia Ramzan, Hafiz Ahmad Tabassum, Hafiz Masood Qasim, Ghulam Haider |
| 245 ## - TITLE STATEMENT | |
| Title | Islamic Nizam-e Zindagi |
| 260 ## - PUBLICATION, DISTRIBUTION, ETC. | |
| Place of publication, distribution, etc. | Faislabad: |
| Name of publisher, distributor, etc. | University of Agriculture, |
| Date of publication, distribution, etc. | 2022 |
| 300 ## - PHYSICAL DESCRIPTION | |
| Extent | 262p |
| 563 ## - BINDING INFORMATION | |
| Binding note | H.B |
| 650 ## - SUBJECT ADDED ENTRY--TOPICAL TERM | |
| Topical term or geographic name entry element | Religious life |
| -- | Islam |
| 880 ## - ALTERNATE GRAPHIC REPRESENTATION | |
| Linkage | 245-02(3\r |
| Title | اسلامی نظام زندگی |
| 942 ## - ADDED ENTRY ELEMENTS (KOHA) | |
| Source of classification or shelving scheme | |
| Koha item type | Book |
| 650 ## - SUBJECT ADDED ENTRY--TOPICAL TERM | |
| -- | 81271 |
| Withdrawn status | Lost status | Source of classification or shelving scheme | Materials specified (bound volume or other part) | Damaged status | Not for loan | Permanent Location | Current Location | Date acquired | Source of acquisition | Total Checkouts | Full call number | Barcode | Date last seen | Price effective from | Koha item type |
|---|---|---|---|---|---|---|---|---|---|---|---|---|---|---|---|
| Donated by University of Agriculture, Faisalabad | Central Library (CL) | Central Library (CL) | 07/05/2023 | Donation | 297.5 ISL | CL-D-2389 | 07/05/2023 | 07/05/2023 | Book |
